000 00445nam a2200133 i 4500
001 bg
100 1 _aTERPIŁOWSKI, Janusz
245 0 _aPomiar szybkozmiennych temperatur metodami pirometrii wielobarwowej i jego zastosowanie do impulsowych badań własności termofizycznych ciał stałych /
_cJanusz Terpiłowski.
260 _aWarszawa,
_c1981.
040 _cBPK
041 _apol
942 _cKS
008 s pl f |000 0 pol
999 _c23033
_d23033
856 _uhttp://koha.tu.koszalin.pl/cgi-bin/koha/opac-detail.pl?biblionumber=23033
_yKatalog online BPK